The stupidity of intelligence : (Record no. 94199)

MARC details
000 -LEADER
fixed length control field 00559nam a22001817a 4500
005 - DATE AND TIME OF LATEST TRANSACTION
control field 20150714114814.0
010 ## - LCCN (DPL NO)
LC control number ENG-113284
020 ## - INTERNATIONAL STANDARD BOOK NUMBER
Terms of availability 295.00
International Standard Book Number 9788120351127
035 ## - SYSTEM CONTROL NUMBER
System control number EN-96816
037 ## - SOURCE OF ACQUISITION
Source of stock number/acquisition DBAD/PUB
082 ## - DEWEY DECIMAL CLASSIFICATION NUMBER
Classification number 153.9
100 ## - MAIN ENTRY--PERSONAL NAME
Personal name Awad, Elias M.
245 ## - TITLE STATEMENT
Title The stupidity of intelligence :
Statement of responsibility, etc by Elias M. Awad
Remainder of title what happened to common sense? /
260 ## - PUBLICATION, DISTRIBUTION, ETC. (IMPRINT)
Place of publication, distribution, etc Delhi
Name of publisher, distributor, etc PHI Learning
Date of publication, distribution, etc 2015
270 ## - ADDRESS
Address 111 Patparganj Industrial Estate,
City Delhi
Postal code 110092
300 ## - PHYSICAL DESCRIPTION
Extent xi,194p.
Dimensions 24cm(pbk)
942 ## - ADDED ENTRY ELEMENTS (KOHA)
Source of classification or shelving scheme Dewey Decimal Classification
Item type English Books
Call number suffix AWA
Classification part 153.9
Holdings
Withdrawn status Lost status Not for loan Collection code Home library Current library Date acquired Source of acquisition Cost, normal purchase price Full call number Barcode Copy number Cost, replacement price Koha item type
    Not For Loan Non-fiction D.B.Act.Division D.B.Act.Division 10/06/2015 DBAD/PUB 295.00 153.9 AWA EN-96816 1 295.00 English Books

© Delhi Public Library
Hit Counter
free hit counter